Situación social de América Latina

Gespeichert in:
Bibliographische Detailangaben
Körperschaft: Centro Latinoamericano de Investigaciones en Ciencias Sociales (VerfasserIn)
Format: Buch
Sprache:Spanisch
Veröffentlicht: Buenos Aires Solar 1969
Buenos Aires Hachete 1969
Ausgabe:1a. ed
Schriftenreihe:Biblioteca Dimensión Americana
Schlagworte:
Tags: Tag hinzufügen
Keine Tags, Fügen Sie den ersten Tag hinzu!

MARC

LEADER 00000cam a2200000 a 4500
001 UCE6334
003 CL-VaPUC
008 150402e19690700ag |||||||||||||||||spa|d
082 0 4 |a 337.1  |b CEN  |2 21 
110 2 |a Centro Latinoamericano de Investigaciones en Ciencias Sociales  |e author  |9 578973 
245 1 0 |a Situación social de América Latina 
250 |a 1a. ed 
300 |a 392 p 
942 |c BK 
945 |d 20150402 11:08:00  |a arojas 
260 |a Buenos Aires  |b Solar  |c 1969 
260 |a Buenos Aires  |b Hachete  |c 1969 
650 0 |a Integración económica  |9 255024 
650 0 |a Política económica   |9 255029 
650 7 |a ECONOMICA INTERNACIONAL  |2 CL-VaPUC  |9 410628 
650 7 |a PLANIFICACION ECONOMICA  |2 CL-VaPUC  |9 321496 
650 0 |a COOPERACION ECONOMICA  |9 307939 
651 0 |a América Latina   |9 255027 
583 |a last modification  |c 20150402 11:08:00  |k Rodrigo Vera 
490 0 |a Biblioteca Dimensión Americana 
999 |c 358668  |d 358666 
952 |0 0  |1 0  |3 erb  |4 0  |6 337_100000000000000_CEN_1969_1969  |7 0  |8 A  |9 467518  |a BIBHIS  |b BIBHIS  |i 5144175  |o 337.1 CEN 1969 1969  |p 5144175  |r 2025-01-20  |w 2019-11-23  |y BK  |z Catalogado en:20150402  |k HIS